| 000 | 00613nam a2200193Ia 4500 | ||
|---|---|---|---|
| 003 | GCL | ||
| 008 | 140319s9999 xx 000 0 ara d | ||
| 040 |
_aGCL / _cGCL |
||
| 082 | 0 | 4 |
_a915.69 _bج م |
| 100 | 1 | _aجودت سعد | |
| 245 | 1 | 0 |
_aمختصر البلدان فى ارض كنعان / _cجودت سعد |
| 260 |
_a[S.N] : _bمكتبة برهومة ، _c1995 |
||
| 300 | _a256 ص | ||
| 490 |
_aالهيئة العامة للاستعلامات _v0 |
||
| 650 | 0 | 4 | _aفلسطين - الجغرافيا الطبيعية |
| 650 | 0 | 4 | _aكنعان |
| 650 | 0 | 4 | _aالبلدان, فلسطين |
| 942 |
_2ddc _cBK |
||
| 999 |
_c36025 _d36025 |
||